Brexit stage left (Record no. 84778)
[ view plain ]
| 000 -LEADER | |
|---|---|
| fixed length control field | 00969cab a22002415a 4500 |
| 001 - CONTROL NUMBER | |
| control field | L159023 |
| 008 - FIXED-LENGTH DATA ELEMENTS--GENERAL INFORMATION | |
| fixed length control field | 151209e20151121xxk 000 0 eng d |
| 035 ## - SYSTEM CONTROL NUMBER | |
| System control number | (Sirsi) u159023 |
| 041 0# - LANGUAGE CODE | |
| Language code of text/sound track or separate title | eng |
| 100 1# - MAIN ENTRY--PERSONAL NAME | |
| Personal name | Vaughan, Julie |
| 245 00 - TITLE STATEMENT | |
| Title | Brexit stage left |
| 260 ## - PUBLICATION, DISTRIBUTION, ETC. | |
| Date of publication, distribution, etc. | 2015 |
| 490 ## - SERIES STATEMENT | |
| Series statement | Estates Gazette |
| Volume/sequential designation | (1546) 21 November 2015, 104-106(3) |
| 520 ## - SUMMARY, ETC. | |
| Summary, etc. | Considers the possible legal impact of a UK exit from the European Union. Includes information about environmental law, asset management regulation, consumer regulations and data protection. It is certain that different areas across the real estate industry would be affected in some way but in such a diverse community change will affect each one in materially different ways. |
| 590 ## - LOCAL NOTE (RLIN) | |
| Local note | KA |
| 651 #4 - SUBJECT ADDED ENTRY--GEOGRAPHIC NAME | |
| Geographic name | United Kingdom |
| 690 ## - LOCAL SUBJECT ADDED ENTRY--TOPICAL TERM (OCLC, RLIN) | |
| Topical term or geographic name as entry element | Property management |
| 9 (RLIN) | 6262 |
| 690 ## - LOCAL SUBJECT ADDED ENTRY--TOPICAL TERM (OCLC, RLIN) | |
| Topical term or geographic name as entry element | Environment |
| 9 (RLIN) | 6238 |
| 700 1# - ADDED ENTRY--PERSONAL NAME | |
| Personal name | Dissanayake, Nish |
| 700 1# - ADDED ENTRY--PERSONAL NAME | |
| Personal name | Pantlin, Nick |
| 700 1# - ADDED ENTRY--PERSONAL NAME | |
| Personal name | Everett, Miriam |
| 942 ## - ADDED ENTRY ELEMENTS (KOHA) | |
| Suppress in OPAC | 0 |
| Withdrawn status | Lost status | Source of classification or shelving scheme | Damaged status | Not for loan | Home library | Current library | Shelving location | Date acquired | Total Checkouts | Full call number | Barcode | Date last seen | Copy number | Price effective from | Koha item type |
|---|---|---|---|---|---|---|---|---|---|---|---|---|---|---|---|
| Dewey Decimal Classification | London | London | Journal article | 09/12/2015 | L159023 | 159023-1001 | 06/08/2019 | 1 | 06/08/2019 | Journal article |